[Event "Ste Foy Tal"]
[Site "Ste Foy CAN"]
[Date "2017.11.25"]
[Round "1"]
[White "Stoyanova, Stela"]
[Black "Desbiens, Raphael"]
[Result "0-1"]
[WhiteElo "1635"]
[BlackElo "1956"]
[WhiteFideId "-1"]
[WhiteFideId "-1"]
[PlyCount "102"]
[GameId "2160767908300577"]
[EventDate "2017.11.25"]
[EventType "swiss"]
[EventRounds "5"]
[EventCountry "CAN"]
[SourceTitle "EXT 2022"]
[Source "ChessBase"]
[SourceDate "2021.10.06"]
[SourceVersion "1"]
[SourceVersionDate "2021.10.06"]
[SourceQuality "1"]

1. Nf3 d5 2. d3 c5 3. g3 Bf5 4. Bg2 e6 5. O-O Nf6 6. Nbd2 Be7 7. Re1 O-O 8. h3 h6 9. Nh2 Nc6 10. c3 Qd7 11. e4 Bh7 12. Ng4 Rad8 13. Nxf6+ Bxf6 14. Qe2 dxe4 15. dxe4 Ne5 16. Nf3 Nd3 17. Rf1 Qd6 18. Nh2 b5 19. Ng4 Be7 20. e5 Qc7 21. Be4 Bxe4 22. Qxe4 h5 23. Nh2 Qxe5 24. Qxe5 Nxe5 25. Be3 Nc4 26. b3 Nxe3 27. fxe3 Rd3 28. c4 bxc4 29. Kf2 Bf6 30. Rad1 Rfd8 31. Rxd3 Rxd3 32. Ke2 cxb3 33. Kxd3 bxa2 34. Kc4 a1=Q 35. Rxa1 Bxa1 36. Kxc5 Be5 37. Nf1 f5 38. Kb5 Bc7 39. Kc4 Kf7 40. Kd3 Be5 41. Kc4 Kf6 42. Kb5 Bc7 43. Kc6 Bb6 44. Kd6 g5 45. Kc6 Ke5 46. Kd7 a5 47. Kc6 a4 48. Kxb6 a3 49. Nd2 a2 50. Nb3 Ke4 51. Kc5 Kxe3 0-1

[Event "Ste Foy Tal"]
[Site "Ste Foy CAN"]
[Date "2017.12.02"]
[Round "2"]
[White "Chouinard, Etienne"]
[Black "Poliquin, Yvone"]
[Result "1/2-1/2"]
[WhiteElo "1903"]
[BlackElo "1929"]
[WhiteFideId "-1"]
[WhiteFideId "-1"]
[PlyCount "149"]
[GameId "2160767908300578"]
[EventDate "2017.11.25"]
[EventType "swiss"]
[EventRounds "5"]
[EventCountry "CAN"]
[SourceTitle "EXT 2022"]
[Source "ChessBase"]
[SourceDate "2021.10.06"]
[SourceVersion "1"]
[SourceVersionDate "2021.10.06"]
[SourceQuality "1"]

1. d4 d5 2. c4 e6 3. Nc3 c5 4. e3 Nf6 5. Nf3 Nc6 6. cxd5 exd5 7. Be2 Be7 8. dxc5 Bxc5 9. O-O O-O 10. a3 a6 11. b4 Bd6 12. Bb2 Be6 13. Qb1 h6 14. Rd1 Qe7 15. Rd2 Rad8 16. Qd1 Bb8 17. Ne1 Ne5 18. b5 Nc4 19. Bxc4 dxc4 20. bxa6 bxa6 21. Nf3 Rxd2 22. Nxd2 Rd8 23. Qe2 Ng4 24. Nf1 Ne5 25. Na2 Nd3 26. Nb4 Nxb2 27. Qxb2 Qd6 28. Qd4 Qxd4 29. exd4 Rd6 30. Rd1 a5 31. Nc2 Bf5 32. Nfe3 Bd3 33. g3 Rb6 34. Ne1 Rb3 35. Nxd3 cxd3 36. Nc4 a4 37. Rc1 Ba7 38. d5 Rb5 39. Rd1 Rxd5 40. Nb2 Bc5 41. Nxa4 Bxa3 42. Kf1 h5 43. Nc3 Rd7 44. Ke1 Bb4 45. Kd2 g5 46. Rb1 Ba5 47. Ra1 Rd5 48. Ra3 Kg7 49. Kd1 Rf5 50. Ne4 Rd5 51. f3 f5 52. Nxg5 d2 53. Ne6+ Kf7 54. Nf4 Rb5 55. Rxa5 Rxa5 56. Nxh5 Ra1+ 57. Kxd2 Ra2+ 58. Ke3 Rxh2 59. Nf4 Ra2 60. Nd5 Ra4 61. Nc3 Ra3 62. Kd4 Kg6 63. Kc4 Kg5 64. Kd4 Ra1 65. Ke3 Ra3 66. Kd4 Rb3 67. Kd3 Kf6 68. Kc2 Ra3 69. Kb2 Ra8 70. Kc2 Rg8 71. Ne2 Rd8 72. g4 fxg4 73. fxg4 Kg5 74. Kc3 Kxg4 75. Kc4 1/2-1/2

[Event "Ste Foy Tal"]
[Site "Ste Foy CAN"]
[Date "2017.12.02"]
[Round "2"]
[White "Desbiens, Raphael"]
[Black "Sarra-Bournet, Marc"]
[Result "1-0"]
[WhiteElo "1956"]
[BlackElo "1863"]
[WhiteFideId "-1"]
[WhiteFideId "-1"]
[PlyCount "87"]
[GameId "2160767908300579"]
[EventDate "2017.11.25"]
[EventType "swiss"]
[EventRounds "5"]
[EventCountry "CAN"]
[SourceTitle "EXT 2022"]
[Source "ChessBase"]
[SourceDate "2021.10.06"]
[SourceVersion "1"]
[SourceVersionDate "2021.10.06"]
[SourceQuality "1"]

1. e4 e5 2. Nf3 Nc6 3. Bb5 a6 4. Ba4 Nf6 5. O-O b5 6. Bb3 Be7 7. d4 exd4 8. e5 Ne4 9. Bd5 Nc5 10. Nxd4 Bb7 11. Nf5 O-O 12. Nc3 Ne6 13. f4 Rb8 14. Qg4 g6 15. Ne4 Nxe5 16. fxe5 Bxd5 17. Nxe7+ Qxe7 18. Nf6+ Kh8 19. Nxd5 Qc5+ 20. Ne3 Nd4 21. Rf2 Qxe5 22. Bd2 Kg8 23. Re1 Qc5 24. Bc3 Ne6 25. Rf5 Qb6 26. Kh1 b4 27. Bf6 Rfe8 28. Nd5 Ng7 29. Rfe5 Rxe5 30. Rxe5 Qd6 31. Bxg7 Kxg7 32. Qd4 f6 33. Re7+ Kf8 34. Rxh7 Rb5 35. Qe3 g5 36. Qh3 Qxd5 37. Qh6+ Ke8 38. Qg6+ Kd8 39. Rh8+ Ke7 40. Re8+ Kd6 41. Qxf6+ Qe6 42. Rxe6+ dxe6 43. Kg1 Rf5 44. Qd4+ 1-0

[Event "Ste Foy Tal"]
[Site "Ste Foy CAN"]
[Date "2017.12.02"]
[Round "2"]
[White "Gaudreau, Eric"]
[Black "Sauve, Richard"]
[Result "0-1"]
[WhiteElo "1722"]
[BlackElo "1904"]
[WhiteFideId "-1"]
[WhiteFideId "-1"]
[PlyCount "58"]
[GameId "2160767908300580"]
[EventDate "2017.11.25"]
[EventType "swiss"]
[EventRounds "5"]
[EventCountry "CAN"]
[SourceTitle "EXT 2022"]
[Source "ChessBase"]
[SourceDate "2021.10.06"]
[SourceVersion "1"]
[SourceVersionDate "2021.10.06"]
[SourceQuality "1"]

1. d4 d5 2. Bf4 Nf6 3. e3 c5 4. c3 Qb6 5. Qb3 c4 6. Qc2 g6 7. Nf3 Bg7 8. Be2 O-O 9. Nbd2 Bf5 10. Qc1 Nc6 11. Ne5 Nxe5 12. Bxe5 Qc6 13. h3 b5 14. g4 Be6 15. Qc2 Rfc8 16. f4 Ne4 17. Nxe4 dxe4 18. Bxg7 Kxg7 19. O-O Bd5 20. f5 Rh8 21. g5 f6 22. gxf6+ exf6 23. h4 Kf7 24. Rf4 Rag8 25. fxg6+ Rxg6+ 26. Rg4 Qe6 27. Rxg6 hxg6 28. h5 gxh5 29. Kh2 Qd6+ 0-1

[Event "Ste Foy Tal"]
[Site "Ste Foy CAN"]
[Date "2017.12.02"]
[Round "2"]
[White "Lemire-Paquin, Alexandre"]
[Black "Michaud, Jacques"]
[Result "1-0"]
[WhiteElo "2139"]
[BlackElo "1500"]
[WhiteFideId "-1"]
[WhiteFideId "-1"]
[PlyCount "63"]
[GameId "2160767908300581"]
[EventDate "2017.11.25"]
[EventType "swiss"]
[EventRounds "5"]
[EventCountry "CAN"]
[SourceTitle "EXT 2022"]
[Source "ChessBase"]
[SourceDate "2021.10.06"]
[SourceVersion "1"]
[SourceVersionDate "2021.10.06"]
[SourceQuality "1"]

1. e4 c5 2. Nf3 d6 3. c3 Nf6 4. Be2 e5 5. O-O Be7 6. Re1 O-O 7. Bf1 Nc6 8. h3 b6 9. d4 cxd4 10. cxd4 Qc7 11. Nc3 Bb7 12. Bg5 h6 13. Be3 Rad8 14. d5 Nb8 15. Nb5 Qd7 16. Nxa7 Nxe4 17. Bxb6 Nxf2 18. Bxf2 Bf6 19. Rc1 e4 20. Rxe4 Bxb2 21. Rb1 Ba3 22. Qb3 Bc5 23. Qxb7 Bxf2+ 24. Kxf2 Qf5 25. Rbe1 Rd7 26. Qb6 g5 27. Nc6 Nxc6 28. dxc6 Rdd8 29. c7 Ra8 30. Qxd6 Rxa2+ 31. Kg1 g4 32. hxg4 1-0

[Event "Ste Foy Tal"]
[Site "Ste Foy CAN"]
[Date "2017.12.09"]
[Round "3"]
[White "Lessard, Claude"]
[Black "Chouinard, Etienne"]
[Result "1/2-1/2"]
[WhiteElo "2133"]
[BlackElo "1903"]
[WhiteFideId "-1"]
[WhiteFideId "-1"]
[PlyCount "113"]
[GameId "2160767908300582"]
[EventDate "2017.11.25"]
[EventType "swiss"]
[EventRounds "5"]
[EventCountry "CAN"]
[SourceTitle "EXT 2022"]
[Source "ChessBase"]
[SourceDate "2021.10.06"]
[SourceVersion "1"]
[SourceVersionDate "2021.10.06"]
[SourceQuality "1"]

1. d4 d5 2. e4 dxe4 3. Nc3 Nf6 4. f3 exf3 5. Nxf3 Bg4 6. h3 Bh5 7. g4 Bg6 8. Bg2 Nc6 9. a3 e6 10. O-O Bd6 11. Nh4 O-O 12. Nxg6 hxg6 13. Be3 Qd7 14. Qd3 Rad8 15. Rad1 Be7 16. Qb5 Nd5 17. Nxd5 exd5 18. c4 Nb8 19. Qxb7 c6 20. Qb3 Qe6 21. cxd5 cxd5 22. Rfe1 Bh4 23. Bf2 Bxf2+ 24. Kxf2 Qf6+ 25. Qf3 Nc6 26. Qxf6 gxf6 27. Ke3 Rfe8+ 28. Kd3 Rxe1 29. Rxe1 Rd7 30. b4 Kg7 31. b5 Ne7 32. a4 g5 33. Rc1 Ng6 34. Bf1 Nf4+ 35. Ke3 f5 36. gxf5 Kf6 37. a5 Kxf5 38. b6 axb6 39. axb6 Re7+ 40. Kf2 Rb7 41. Rc6 Ke4 42. Ba6 Rb8 43. b7 Nd3+ 44. Bxd3+ Kxd3 45. Rc7 f6 46. Rf7 Kxd4 47. Rxf6 Rxb7 48. Rg6 Rf7+ 49. Kg3 Rf5 50. Kg4 Ke4 51. Ra6 d4 52. Rd6 Rd5 53. Re6+ Kd3 54. Kf3 Rf5+ 55. Kg4 Rc5 56. Kf3 Rc1 57. Kf2 1/2-1/2

[Event "Ste Foy Tal"]
[Site "Ste Foy CAN"]
[Date "2017.12.09"]
[Round "3"]
[White "Poliquin, Yvone"]
[Black "Lemire-Paquin, Alexandre"]
[Result "0-1"]
[WhiteElo "1929"]
[BlackElo "2139"]
[WhiteFideId "-1"]
[WhiteFideId "-1"]
[PlyCount "46"]
[GameId "2160767908300583"]
[EventDate "2017.11.25"]
[EventType "swiss"]
[EventRounds "5"]
[EventCountry "CAN"]
[SourceTitle "EXT 2022"]
[Source "ChessBase"]
[SourceDate "2021.10.06"]
[SourceVersion "1"]
[SourceVersionDate "2021.10.06"]
[SourceQuality "1"]

1. e4 c5 2. Nf3 d6 3. d4 cxd4 4. Nxd4 Nf6 5. f3 a6 6. c4 e6 7. Nc3 Be7 8. Be3 O-O 9. Be2 b6 10. Qd2 Bb7 11. O-O Nbd7 12. Nb3 Rc8 13. Rac1 Re8 14. Rfd1 Bf8 15. g4 h6 16. g5 hxg5 17. Bxg5 Ne5 18. Qe3 Nxc4 19. Bxc4 Rxc4 20. e5 Ng4 21. Bxd8 Nxe3 22. Rd3 Rxd8 23. Rxe3 dxe5 0-1

[Event "Ste Foy Tal"]
[Site "Ste Foy CAN"]
[Date "2017.12.09"]
[Round "3"]
[White "Sauve, Richard"]
[Black "Desbiens, Raphael"]
[Result "0-1"]
[WhiteElo "1904"]
[BlackElo "1956"]
[WhiteFideId "-1"]
[WhiteFideId "-1"]
[PlyCount "64"]
[GameId "2160767908300584"]
[EventDate "2017.11.25"]
[EventType "swiss"]
[EventRounds "5"]
[EventCountry "CAN"]
[SourceTitle "EXT 2022"]
[Source "ChessBase"]
[SourceDate "2021.10.06"]
[SourceVersion "1"]
[SourceVersionDate "2021.10.06"]
[SourceQuality "1"]

1. d4 Nf6 2. c4 g6 3. Nc3 Bg7 4. e4 d6 5. f3 e5 6. Nge2 O-O 7. Be3 c6 8. Qd2 a5 9. d5 Qe7 10. O-O-O cxd5 11. cxd5 a4 12. Kb1 Bd7 13. Nc1 Rc8 14. Bd3 Na6 15. N1e2 Qd8 16. Bb5 Qa5 17. Bxd7 Nxd7 18. Rc1 Nac5 19. Nd1 Qa6 20. Nf2 Rc7 21. Rc3 b5 22. Nd3 Nb3 23. Qc2 Rxc3 24. Nxc3 Nd4 25. Bxd4 exd4 26. Ne2 Rc8 27. Qd2 Rc4 28. b3 axb3 29. axb3 Rc8 30. Rc1 Nc5 31. Qa2 Qxa2+ 32. Kxa2 Ra8+ 0-1

[Event "Ste Foy Tal"]
[Site "Ste Foy CAN"]
[Date "2017.12.16"]
[Round "4"]
[White "Bernatchez, Dan"]
[Black "Laflamme, Simon"]
[Result "1-0"]
[WhiteElo "1924"]
[BlackElo "1947"]
[WhiteFideId "-1"]
[WhiteFideId "-1"]
[PlyCount "59"]
[GameId "2160767908300585"]
[EventDate "2017.11.25"]
[EventType "swiss"]
[EventRounds "5"]
[EventCountry "CAN"]
[SourceTitle "EXT 2022"]
[Source "ChessBase"]
[SourceDate "2021.10.06"]
[SourceVersion "1"]
[SourceVersionDate "2021.10.06"]
[SourceQuality "1"]

1. e4 Nf6 2. e5 Nd5 3. d4 d6 4. Nf3 g6 5. Bc4 Nb6 6. Bb3 Bg7 7. Ng5 d5 8. f4 h6 9. Nf3 Bg4 10. h3 Bxf3 11. Qxf3 e6 12. Be3 a5 13. a4 Na6 14. Na3 Bf8 15. c3 Bxa3 16. Rxa3 Qe7 17. Qe2 c6 18. O-O Qd7 19. Raa1 Rc8 20. Bc2 c5 21. Bd3 c4 22. Bc2 Nb8 23. g4 h5 24. f5 hxg4 25. fxg6 f5 26. exf6 Rxh3 27. f7+ Ke7 28. Bg5+ Kd6 29. Qe5+ Kc6 30. g7 1-0

[Event "Ste Foy Tal"]
[Site "Ste Foy CAN"]
[Date "2017.12.16"]
[Round "4"]
[White "Chouinard, Etienne"]
[Black "Sauve, Richard"]
[Result "0-1"]
[WhiteElo "1903"]
[BlackElo "1904"]
[WhiteFideId "-1"]
[WhiteFideId "-1"]
[PlyCount "52"]
[GameId "2160767908300586"]
[EventDate "2017.11.25"]
[EventType "swiss"]
[EventRounds "5"]
[EventCountry "CAN"]
[SourceTitle "EXT 2022"]
[Source "ChessBase"]
[SourceDate "2021.10.06"]
[SourceVersion "1"]
[SourceVersionDate "2021.10.06"]
[SourceQuality "1"]

1. d4 d5 2. c4 e6 3. Nc3 c6 4. Nf3 f5 5. cxd5 exd5 6. e3 Nf6 7. Bd3 Bd6 8. O-O O-O 9. Qc2 Ne4 10. Bd2 Rf6 11. Rac1 Nd7 12. Ne2 Rh6 13. g3 Ndf6 14. Ne5 Bxe5 15. dxe5 Ng4 16. f3 Nxh2 17. fxe4 fxe4 18. Rf4 Nf3+ 19. Rxf3 exf3 20. Nd4 Qg5 21. Be1 Qh5 22. Kf2 Bg4 23. e4 Qxe5 24. Nxf3 Rf8 25. Qc3 Rxf3+ 26. Kg2 Qh5 0-1

[Event "Ste Foy Tal"]
[Site "Ste Foy CAN"]
[Date "2017.12.16"]
[Round "4"]
[White "Desbiens, Raphael"]
[Black "Lemire-Paquin, Alexandre"]
[Result "0-1"]
[WhiteElo "1956"]
[BlackElo "2139"]
[WhiteFideId "-1"]
[WhiteFideId "-1"]
[PlyCount "114"]
[GameId "2160767908300587"]
[EventDate "2017.11.25"]
[EventType "swiss"]
[EventRounds "5"]
[EventCountry "CAN"]
[SourceTitle "EXT 2022"]
[Source "ChessBase"]
[SourceDate "2021.10.06"]
[SourceVersion "1"]
[SourceVersionDate "2021.10.06"]
[SourceQuality "1"]

1. e4 c5 2. Nf3 d6 3. Bb5+ Bd7 4. Bxd7+ Qxd7 5. c4 Nf6 6. Nc3 Nc6 7. d4 cxd4 8. Nxd4 g6 9. f3 Bg7 10. Be3 O-O 11. Qd2 Rfc8 12. b3 Ne5 13. O-O a6 14. Rac1 Rab8 15. a4 Qd8 16. Rfd1 Qa5 17. Nce2 Qxd2 18. Rxd2 Nfd7 19. Nc3 e6 20. Rcd1 Nc5 21. Kf1 Nxb3 22. Nxb3 Nxc4 23. Rd3 Nxe3+ 24. Rxe3 Rxc3 25. Rxc3 Bxc3 26. Rxd6 Be5 27. Rb6 Bc7 28. Rb4 Bxh2 29. Nc5 Rc8 30. Nxb7 Rc2 31. Na5 Bg3 32. Nc4 Rf2+ 33. Kg1 Ra2 34. Kf1 Rf2+ 35. Kg1 Re2 36. Rb1 Rc2 37. Nb2 h5 38. Kf1 h4 39. Nd3 Ra2 40. Nc5 a5 41. Rd1 Bc7 42. Rc1 Bb6 43. Nd7 Bd4 44. Rc4 e5 45. Rc8+ Kg7 46. Re8 Rf2+ 47. Kg1 Rxf3+ 48. Kh2 Re3 49. Ra8 Bc3 50. Nc5 Bb4 51. Nb7 g5 52. Nxa5 g4 53. Nc6 Be1 54. Kg1 Bg3 55. Rg8+ Kxg8 56. Ne7+ Kh7 57. Kf1 Re1# 0-1

[Event "Ste Foy Tal"]
[Site "Ste Foy CAN"]
[Date "2017.12.16"]
[Round "4"]
[White "L'Heureux, Clement"]
[Black "Sarra-Bournet, Marc"]
[Result "1-0"]
[WhiteElo "1894"]
[BlackElo "1863"]
[WhiteFideId "-1"]
[WhiteFideId "-1"]
[PlyCount "59"]
[GameId "2160767908300588"]
[EventDate "2017.11.25"]
[EventType "swiss"]
[EventRounds "5"]
[EventCountry "CAN"]
[SourceTitle "EXT 2022"]
[Source "ChessBase"]
[SourceDate "2021.10.06"]
[SourceVersion "1"]
[SourceVersionDate "2021.10.06"]
[SourceQuality "1"]

1. d4 d5 2. Nf3 Nf6 3. Bf4 e6 4. e3 Bd6 5. Ne5 O-O 6. Bd3 c5 7. dxc5 Bxc5 8. Nd2 d4 9. O-O Nbd7 10. Nb3 dxe3 11. Nxd7 exf2+ 12. Kh1 Nxd7 13. Nxc5 Nxc5 14. Bxh7+ Kxh7 15. Qh5+ Kg8 16. Qxc5 b6 17. Qxf2 Ba6 18. Rfe1 Qf6 19. Qg3 Rac8 20. c3 Rc4 21. Be5 Qh6 22. Rad1 f6 23. Bb8 f5 24. Bxa7 Rg4 25. Qf3 Rf4 26. Rxe6 Rxf3 27. Rxh6 Rf2 28. Rxb6 Bc4 29. Rb4 Bd5 30. Bxf2 1-0

[Event "Toronto Closed"]
[Site "Toronto CAN"]
[Date "2017.04.10"]
[Round "1"]
[White "Agbabishvili, Lali"]
[Black "Rek, Slava"]
[Result "1/2-1/2"]
[WhiteElo "2260"]
[BlackElo "2274"]
[WhiteFideId "-1"]
[WhiteFideId "-1"]
[PlyCount "58"]
[GameId "2160767908412140"]
[EventDate "2017.04.10"]
[EventType "tourn"]
[EventRounds "7"]
[EventCountry "CAN"]

1. d4 Nf6 2. Nf3 d6 3. h3 Nbd7 4. Nc3 e5 5. dxe5 dxe5 6. a3 a5 7. Bg5 Be7 8. e3 O-O 9. Be2 c6 10. O-O Qc7 11. Qc1 Nc5 12. b4 Nce4 13. Nxe4 Nxe4 14. Bxe7 Qxe7 15. Qb2 Re8 16. Rad1 axb4 17. axb4 Bf5 18. Ra1 Rad8 19. Rfd1 f6 20. Rxd8 Rxd8 21. Rd1 Rxd1+ 22. Bxd1 Be6 23. Be2 Qd8 24. Bd3 Nd6 25. Nd2 Qb6 26. Qa3 Kf7 27. c4 Qd8 28. Qc3 Qa8 29. c5 Ne8 1/2-1/2

[Event "Toronto Closed"]
[Site "Toronto CAN"]
[Date "2017.04.10"]
[Round "1"]
[White "Noritsyn, Sergey"]
[Black "Southam, David"]
[Result "1-0"]
[WhiteElo "2253"]
[BlackElo "2263"]
[WhiteFideId "-1"]
[WhiteFideId "-1"]
[PlyCount "97"]
[GameId "2160767908412142"]
[EventDate "2017.04.10"]
[EventType "tourn"]
[EventRounds "7"]
[EventCountry "CAN"]

1. e4 e6 2. d4 d5 3. Nc3 Bb4 4. e5 c5 5. a3 Bxc3+ 6. bxc3 Qc7 7. Nf3 b6 8. Bb5+ Bd7 9. a4 Bxb5 10. axb5 a5 11. O-O Ne7 12. c4 Nd7 13. cxd5 exd5 14. Ng5 h6 15. e6 hxg5 16. exd7+ Kxd7 17. h3 Qd6 18. Re1 f6 19. Qg4+ Kc7 20. dxc5 bxc5 21. Bd2 Rh4 22. Bf4 Rxg4 23. Rxe7+ Kb6 24. Bxd6 Rc4 25. Ra2 a4 26. Rxg7 a3 27. Re7 Rb4 28. Re6 Kxb5 29. Bc7 d4 30. Rxf6 c4 31. Rb6+ Ka4 32. Rxb4+ Kxb4 33. Kf1 d3 34. Bd6+ Kc3 35. cxd3 Rd8 36. Rxa3+ Kb2 37. dxc4 Rxd6 38. Rg3 Rg6 39. h4 g4 40. c5 Kc2 41. c6 Kd2 42. Kg1 Rxc6 43. Rxg4 Ke2 44. Re4+ Kd3 45. Re3+ Kd4 46. Kh2 Rf6 47. Rf3 Rh6 48. Kh3 Ke4 49. Rf8 1-0

[Event "Toronto Closed"]
[Site "Toronto CAN"]
[Date "2017.04.24"]
[Round "2"]
[White "Humphreys, Michael"]
[Black "Agbabishvili, Lali"]
[Result "1/2-1/2"]
[WhiteElo "2364"]
[BlackElo "2260"]
[WhiteFideId "-1"]
[WhiteFideId "-1"]
[PlyCount "214"]
[GameId "2160767908412143"]
[EventDate "2017.04.10"]
[EventType "tourn"]
[EventRounds "7"]
[EventCountry "CAN"]

1. d4 c5 2. d5 d6 3. e4 e6 4. Bd3 Nf6 5. Ne2 a6 6. c4 Be7 7. Nbc3 exd5 8. exd5 Bg4 9. Qa4+ Nbd7 10. Ng3 O-O 11. f4 b5 12. cxb5 axb5 13. Qxb5 Nb6 14. Qb3 Rb8 15. Qc2 c4 16. Bf5 Bxf5 17. Nxf5 g6 18. Ne3 Re8 19. O-O Bf8 20. a4 Qc7 21. a5 Nbd7 22. Qa4 Qa7 23. Nb5 Qc5 24. Nc3 Rxe3 25. Bxe3 Qxe3+ 26. Kh1 Qc5 27. Qc6 Rc8 28. Qxc5 Rxc5 29. a6 Rc8 30. a7 Nb6 31. Ra5 Nfd7 32. Rfa1 Na8 33. Rb5 Bg7 34. Rb7 Ndb6 35. Ra6 Bd4 36. Rb8 Rf8 37. g3 Kg7 38. Kg2 Nd7 39. Rxf8 Kxf8 40. Rxd6 Ke7 41. Rc6 Ndb6 42. Kf3 f5 43. h3 Kd7 44. g4 fxg4+ 45. hxg4 Nc8 46. Nb5 Bxb2 47. Rxc4 Ncb6 48. Rc6 Nc8 49. f5 gxf5 50. gxf5 Bg7 51. f6 Bf8 52. Kg4 Ncb6 53. Kf5 Nxd5 54. Re6 Ndb6 55. f7 Nc8 56. Re8 Bc5 57. f8=Q Bxf8 58. Rxf8 Ncb6 59. Nd4 Nc8 60. Rf7+ Kd6 61. Rxh7 Ne7+ 62. Ke4 Nc8 63. Rb7 Ncb6 64. Rb8 Kc7 65. Nb5+ Kc6 66. Nc3 Nc7 67. Kd3 Nca8 68. Na4 Nxa4 69. Rxa8 Kb7 70. Rb8+ Kxa7 71. Rb5 Ka6 72. Rb8 Ka7 73. Rb5 Nb6 74. Kd4 Ka6 75. Kc5 Nc8 76. Rb1 Na7 77. Rb6+ Ka5 78. Rb1 Ka6 79. Rb6+ Ka5 80. Rh6 Nb5 81. Rh1 Ka4 82. Ra1+ Na3 83. Rh1 Kb3 84. Rh3+ Kb2 85. Rg3 Nc2 86. Kc4 Na3+ 87. Kd3 Kb3 88. Rg8 Nb5 89. Rg4 Nc3 90. Rg5 Kb4 91. Kc2 Nb5 92. Kd3 Nc3 93. Rg4+ Kb3 94. Rc4 Nb5 95. Re4 Nc3 96. Re5 Kb4 97. Kd4 Nb5+ 98. Kd5 Nc3+ 99. Kc6 Kc4 100. Re1 Kd4 101. Rh1 Ne4 102. Rh3 Ke5 103. Rd3 Ke6 104. Rd8 Ke5 105. Rd7 Ke6 106. Rd4 Ke5 107. Rd8 Nf6 1/2-1/2

[Event "Toronto Closed"]
[Site "Toronto CAN"]
[Date "2017.04.24"]
[Round "2"]
[White "Rek, Slava"]
[Black "Noritsyn, Sergey"]
[Result "1/2-1/2"]
[WhiteElo "2274"]
[BlackElo "2253"]
[WhiteFideId "-1"]
[WhiteFideId "-1"]
[PlyCount "43"]
[GameId "2160767908412144"]
[EventDate "2017.04.10"]
[EventType "tourn"]
[EventRounds "7"]
[EventCountry "CAN"]

1. e4 d5 2. exd5 Nf6 3. d4 Nxd5 4. c4 Nb6 5. Nf3 g6 6. h3 Bg7 7. Nc3 O-O 8. Be3 Nc6 9. Qd2 e5 10. d5 Na5 11. b3 e4 12. Nd4 f5 13. Bg5 e3 14. Bxe3 Qe7 15. Be2 f4 16. Bxf4 Naxc4 17. bxc4 Nxc4 18. d6 cxd6 19. Qd3 Nb2 20. Qd2 Nc4 21. Qd3 Nb2 22. Qd2 1/2-1/2

[Event "Toronto Reserves"]
[Site "Toronto CAN"]
[Date "2017.04.10"]
[Round "1"]
[White "Chernik, Dmitry"]
[Black "Shafkat, Ali"]
[Result "1-0"]
[WhiteElo "2023"]
[BlackElo "1776"]
[WhiteFideId "-1"]
[WhiteFideId "-1"]
[PlyCount "63"]
[GameId "2160767908412146"]
[EventDate "2017.04.10"]
[EventType "tourn"]
[EventRounds "7"]
[EventCountry "CAN"]

1. e4 e5 2. Nf3 Nc6 3. Bb5 f5 4. Nc3 fxe4 5. Nxe4 d5 6. Nxe5 dxe4 7. Nxc6 Qg5 8. Ne5+ c6 9. d4 Qxg2 10. Bf1 Qxh1 11. Qh5+ g6 12. Nxg6 hxg6 13. Qxh8 Ne7 14. Bg5 Bg4 15. Bxe7 Kxe7 16. Qh4+ Kf7 17. Qxg4 Rd8 18. Qf4+ Ke8 19. O-O-O Bd6 20. Qf6 Qxh2 21. Qe6+ Be7 22. Qxg6+ Kd7 23. Qxe4 Qh6+ 24. Kb1 Rf8 25. d5 c5 26. d6 Bxd6 27. Qxb7+ Kd8 28. Bh3 Qxh3 29. Rxd6+ Ke8 30. Qc6+ Kf7 31. Rd7+ Kg8 32. Qg6+ 1-0

[Event "Toronto Reserves"]
[Site "Toronto CAN"]
[Date "2017.04.10"]
[Round "1"]
[White "Malakhovets, Sergey"]
[Black "Siddeley, Hugh"]
[Result "0-1"]
[WhiteElo "2092"]
[BlackElo "2117"]
[WhiteFideId "-1"]
[WhiteFideId "-1"]
[PlyCount "92"]
[GameId "2160767908412147"]
[EventDate "2017.04.10"]
[EventType "tourn"]
[EventRounds "7"]
[EventCountry "CAN"]

1. c4 e5 2. g3 Nf6 3. Bg2 d5 4. cxd5 Nxd5 5. Nf3 Nc6 6. O-O Nb6 7. Nc3 Be7 8. Rb1 O-O 9. b4 Bf6 10. b5 Nd4 11. d3 Be6 12. a4 a5 13. Ne4 Nxf3+ 14. Bxf3 Be7 15. Qc2 Bd5 16. Be3 f5 17. Bxb6 cxb6 18. Nd2 Rc8 19. Qb2 Bf6 20. e4 Bf7 21. Be2 g6 22. Rbc1 Qd4 23. Qxd4 exd4 24. f4 fxe4 25. dxe4 d3 26. Rxc8 Rxc8 27. Bxd3 Rd8 28. Rf3 Rd4 29. Kf2 Rxa4 30. Ke2 Ra2 31. Rf1 Bc3 32. Rd1 Bb3 33. Rc1 Bxd2 34. Rc8+ Kg7 35. Rc7+ Kf8 36. Rxh7 Bxf4+ 37. Kf3 Bd6 38. Kg4 Be7 39. h4 Rf2 40. Kh3 Be6+ 41. g4 Rf3+ 42. Kg2 Rxd3 43. h5 gxh5 44. e5 Bd5+ 45. Kf2 hxg4 46. e6 Bxe6 0-1

[Event "Toronto Reserves"]
[Site "Toronto CAN"]
[Date "2017.04.10"]
[Round "1"]
[White "Qiao, Cindy"]
[Black "Stefanovic, Miroslav"]
[Result "0-1"]
[WhiteElo "1877"]
[BlackElo "2115"]
[WhiteFideId "-1"]
[WhiteFideId "-1"]
[PlyCount "96"]
[GameId "2160767908412148"]
[EventDate "2017.04.10"]
[EventType "tourn"]
[EventRounds "7"]
[EventCountry "CAN"]

1. e4 c5 2. Nf3 g6 3. d4 Bg7 4. c3 cxd4 5. Nxd4 Nc6 6. Be3 Nf6 7. Nxc6 bxc6 8. Nd2 O-O 9. Be2 d5 10. e5 Ne8 11. f4 f6 12. exf6 exf6 13. Bc5 Nd6 14. O-O Re8 15. Bxd6 Qxd6 16. Bd3 Be6 17. f5 Bf7 18. Qc2 g5 19. Rfe1 Rxe1+ 20. Rxe1 Re8 21. Qd1 Qc5+ 22. Kh1 Rb8 23. Qc2 Bf8 24. Nf3 Qb6 25. Re2 c5 26. Qc1 h6 27. Bb1 d4 28. cxd4 cxd4 29. Qd1 Rd8 30. Rd2 Bc5 31. a3 a5 32. Qe2 Re8 33. Qd1 Rd8 34. Qf1 Qd6 35. Bd3 Kg7 36. Bc4 Bh5 37. Ne1 Bb6 38. Be6 Bc7 39. g3 Be8 40. Nd3 Bc6+ 41. Kg1 Bb7 42. Qh3 Bc6 43. Nf2 Be8 44. Qf1 Bc6 45. Qh3 Qe5 46. Qf1 d3 47. Ng4 Bb6+ 48. Nf2 Qe4 0-1

[Event "Toronto Reserves"]
[Site "Toronto CAN"]
[Date "2017.04.24"]
[Round "2"]
[White "Chernik, Dmitry"]
[Black "Qiao, Cindy"]
[Result "0-1"]
[WhiteElo "2023"]
[BlackElo "1877"]
[WhiteFideId "-1"]
[WhiteFideId "-1"]
[PlyCount "72"]
[GameId "2160767908412149"]
[EventDate "2017.04.10"]
[EventType "tourn"]
[EventRounds "7"]
[EventCountry "CAN"]

1. e4 c5 2. Nc3 Nc6 3. f4 g6 4. Nf3 Bg7 5. Bb5 Nd4 6. O-O Nxb5 7. Nxb5 d5 8. exd5 a6 9. Nc3 Nf6 10. d4 c4 11. Qe2 b5 12. Re1 Bb7 13. b3 Nxd5 14. Ba3 b4 15. Nxd5 Bxd5 16. Bxb4 Bxf3 17. gxf3 Bxd4+ 18. Kg2 Bxa1 19. Bxe7 Qd7 20. Bb4+ Kd8 21. Ba5+ Kc8 22. Qxc4+ Kb7 23. Rd1 Qe7 24. Qd5+ Kb8 25. Re1 Qf6 26. Re4 Bc3 27. Bc7+ Kxc7 28. Rc4+ Kb8 29. Qc5 Ra7 30. Rxc3 Qxf4 31. Rc4 Qf6 32. Qd5 Rd8 33. Rb4+ Kc8 34. Qc4+ Rc7 35. Qe2 Qg5+ 36. Kf1 Qc1+ 0-1